000 00743nam a22002657a 4500
008 130427b xxu||||| |||| 00| 0 eng d
020 _a0-7069-9571-6
024 _cavailable
037 _cavailable
040 _aMBSTU Library
_dMBSTU Library
082 _222
_a541 SHT
100 _aSharma, K K
110 _aSharma L K
245 _aText book of Physical Chemistry
250 _a4 th edition
260 _aNew Delhi
_bVikash Publishing House
_c2009
300 _a21 cm
_bxiii, 856 page
_f9
_g21 cm
600 _aPhysical Chemistry
700 _aSharma, K K
710 _aSharma, L K
270 _aNew Delhi
_bNew Delhi
_dIndia
365 _b630.00
_d630.00
942 _2ddc
_cBK
999 _c243
_d243